Score 0/16 Timer 05:00
5 Plays Today
Duo % Correct
Adam & Eve
93.6%
Piglet & Winnie-the-Pooh
92.3%
Dr. Watson & Sherlock Holmes
91.4%
Gretel & Hansel
90.4%
Peter Pan & Captain Hook
89.9%
Scarecrow & Dorothy
89.2%
Alice & Cheshire Cat
81.6%
Charlotte & Wilbur
65.9%
Duo % Correct
Gimli & Legolas
56.3%
Esmeralda & Quasimodo
44.2%
Huckleberry Finn & Jim
41.9%
Sancho Panza & Don Quixote
41%
Hamlet & Yorick
38.5%
Bob Cratchit & Tiny Tim
30.4%
Aslan & Reepicheep
19.7%
Titania & Nick Bottom
18.9%

You're not logged in!

Compare scores with friends on all Sporcle quizzes.
OR
Log In

Sporcle TV

Today on Sporcle TV


Watch our educational content, quiz creation guides, and fun videos on Sporcle TV.

Show Comments

Extras

Top Quizzes Today


Score Distribution

Paid Content

Your Account Isn't Verified!

In order to create a playlist on Sporcle, you need to verify the email address you used during registration. Go to your Sporcle Settings to finish the process.

Report this User

Report this user for behavior that violates our Community Guidelines.

Details: